Catálogo público

Produce mango / (Record no. 200397)

MARC details
000 -CABECERA
campo de control de longitud fija 00926nam a2200289Ia 4500
001 - NÚMERO DE CONTROL
campo de control Para_1765
003 - IDENTIFICADOR DEL NÚMERO DE CONTROL
campo de control CHAP
008 - DATOS DE LONGITUD FIJA--INFORMACIÓN GENERAL
campo de control de longitud fija 220125s1998 xx 000 0 und d
010 ## - NÚMERO DE CONTROL DE LA BIBLIOTECA DEL CONGRESO
Número de control de LC 200397
040 ## - FUENTE DE LA CATALOGACIÓN
Centro/agencia transcriptor CHAP
090 ## - LOCALMENTE ASIGNADO TIPO-LC NÚMERO DE CLASIFICACIÓN (OCLC); NÚMERO DE CLASIFICACIÓN LOCAL (RLIN)
Número de clasificación (OCLC) (R) ; Numero de clasificación, CALL (RLIN) (NR) D-27
100 ## - ENTRADA PRINCIPAL--NOMBRE DE PERSONA
Nombre de persona Quiñones F., Juan A.
9 (RLIN) 165260
245 ## - MENCIÓN DE TÍTULO
Título Produce mango /
Mención de responsabilidad, etc. por Juan A. Quiñones F.
260 ## - PUBLICACIÓN, DISTRIBUCIÓN, ETC.
Lugar de publicación, distribución, etc. Culiacán, Sin. :
Nombre del editor, distribuidor, etc. El autor
500 ## - NOTA GENERAL
Nota general VIDEOCASSETTE-VHS
505 ## - NOTA DE CONTENIDO CON FORMATO
Nota de contenido con formato Muestra la técnica precisa para producir mango. Engloba manejo de viveros, podas fertilización riego y empaque, entre otros. Además anuncia las plagas y enfermedades de este frutal.
630 ## - PUNTO DE ACCESO ADICIONAL DE MATERIA--TÍTULO UNIFORME
Título uniforme MATERIAL AUDIOVISUAL
9 (RLIN) 165241
650 ## - PUNTO DE ACCESO ADICIONAL DE MATERIA--TÉRMINO DE MATERIA
Término de materia o nombre geográfico como elemento de entrada Mango
Subdivisión general enfermedades
9 (RLIN) 70410
650 ## - PUNTO DE ACCESO ADICIONAL DE MATERIA--TÉRMINO DE MATERIA
Término de materia o nombre geográfico como elemento de entrada Mango
Subdivisión general plagas
9 (RLIN) 70443
901 ## - ELEMENTOS DE DATOS A LOCAL LDA (RLIN)
a D-27
902 ## - ELEMENTOS DE DATOS B LOCAL, LDB (RLIN)
a A
905 ## - ELEMENTOS DE DATOS E LOCAL, LDE (RLIN)
a 0000001998 0000000000 00
910 ## - DATOS DE OPCIÓN DEL USUARIO (OCLC)
Datos de opción del usuario 1998
942 ## - ELEMENTOS DE PUNTO DE ACCESO ADICIONAL (KOHA)
Tipo de ítem Koha Parasitologia_
942 ## - ELEMENTOS DE PUNTO DE ACCESO ADICIONAL (KOHA)
Tipo de ítem Koha Parasitologia_
-- 1
Holdings
Estado de retiro Estado de pérdida Fuente del sistema de clasificación o colocación Estado dañado Restricciones de uso No para préstamo Código de colección Localización permanente Ubicación/localización actual Ubicación en estantería Fecha de adquisición Información codificada de la localización en otra ubicación Total de préstamos Código de barras Fecha visto por última vez Precio válido a partir de Tipo de ítem Koha Nota pública
    Clasificación Universidad Autónoma de Chapingo   Préstamo interno   Material multimedia Parasitologia Agricola Parasitologia Agricola   27/10/2005 PARA   PA_6529 25/01/2022 25/01/2022 Diapositiva 3